[Event "Umag op"]
[Site "Umag"]
[Date "2005.03.25"]
[Round "7"]
[White "Bulic, Josip"]
[Black "Mehmedi, Ejup"]
[Result "0-1"]
[WhiteElo "2246"]
[BlackElo "2133"]
[PlyCount "114"]
[EventDate "2005.03.22"]
[EventType "swiss"]
[EventRounds "9"]
[EventCountry "CRO"]
[SourceTitle "CBM 105 Extra"]
[Source "ChessBase"]
[SourceDate "2005.05.01"]
[SourceVersion "1"]
[SourceVersionDate "2005.05.01"]
[SourceQuality "1"]

1. d4 Nf6 2. Nf3 g6 3. Bg5 Bg7 4. e3 0-0 5. h3 c5 6. c3 d6 7. Bd3 Nc6 8. Nbd2 a6 9. 0-0 b5 10. Qe2 Bb7 11. e4 h6 12. Be3 c4 13. Bc2 e6 14. Nh2 Ne7 15. f4 Nh5 16. Qe1 Nf6 17. Rd1 Rc8 18. f5 exf5 19. exf5 g5 20. h4 Ned5 21. hxg5 Nxe3 22. Qxe3 Re8 23. Qf2 hxg5 24. Rde1 Qd7 25. Nhf3 Nh7 26. Ne4 f6 27. Qg3 Rcd8 28. Qh3 Bxe4 29. Bxe4 d5 30. Bc2 Rxe1 31. Rxe1 Re8 32. Qg3 Bf8 33. Rxe8 Qxe8 34. Kf2 Qd7 35. Qb8 Kf7 36. Qa8 Qd6 37. a4 g4 38. Qb7+ Kg8 39. Nh4 Qf4+ 40. Ke2 Qc1 41. Qxd5+ Kg7 42. Qb7+ Kh6 43. Bd1 Qxb2+ 44. Kf1 Qd2 45. Bxg4 Qf4+ 46. Qf3 Qc1+ 47. Kf2 Ng5 48. Qe2 Qf4+ 49. Kg1 Ne4 50. axb5 axb5 51. Bf3 Qc1+ 52. Kh2 Bd6+ 53. g3 Nxg3 54. Qe8 Ne4+ 55. Kg2 Qd2+ 56. Kh3 Ng5+ 57. Kg4 Qf4# 0-1

[Event "Umag op"]
[Site "Umag"]
[Date "2005.03.23"]
[Round "3"]
[White "Ghersinich, Giuseppe"]
[Black "Mehmedi, Ejup"]
[Result "0-1"]
[WhiteElo "2000"]
[BlackElo "2133"]
[PlyCount "128"]
[EventDate "2005.03.22"]
[EventType "swiss"]
[EventRounds "9"]
[EventCountry "CRO"]
[SourceTitle "CBM 105 Extra"]
[Source "ChessBase"]
[SourceDate "2005.05.01"]
[SourceVersion "1"]
[SourceVersionDate "2005.05.01"]
[SourceQuality "1"]

1. d4 Nf6 2. c4 g6 3. Nc3 Bg7 4. e4 d6 5. f3 0-0 6. Be3 e5 7. Qd2 exd4 8. Bxd4 Nc6 9. Be3 Be6 10. Rd1 Ne5 11. b3 b6 12. Nge2 Qd7 13. Nf4 Rad8 14. Be2 Qe7 15. Ncd5 Nxd5 16. Nxd5 Bxd5 17. Qxd5 a5 18. 0-0 Kh8 19. f4 Nd7 20. Bf3 f5 21. Bd4 fxe4 22. Bxg7+ Kxg7 23. Qxe4 Qxe4 24. Bxe4 Nc5 25. Bc6 Rf7 26. g3 Rdf8 27. Bd5 Re7 28. Rfe1 Rfe8 29. Rxe7+ Rxe7 30. Rd2 Kf6 31. Kg2 a4 32. b4 Na6 33. a3 Re3 34. Ra2 Nb8 35. Kf2 Rc3 36. Ke2 c6 37. Kd2 Rb3 38. Bg8 Nd7 39. b5 c5 40. Bd5 Kf5 41. Kc1 Nf6 42. Bg2 Ne4 43. Re2 Rc3+ 44. Kb2 Rxc4 45. Bh3+ Kf6 46. Bg2 d5 47. g4 g5 48. f5 Ke5 49. h3 Rd4 50. Kc2 Rc4+ 51. Kb2 Kf6 52. Bf3 h6 53. Bg2 h5 54. Bf3 hxg4 55. hxg4 Ke5 56. Re3 Kf4 57. Rd3 Nf2 58. Rxd5 Kxf3 59. f6 Kxg4 60. Rd6 Rf4 61. Rxb6 Ne4 62. Rc6 Rxf6 63. Kc2 Rxc6 64. bxc6 Nd6 0-1

[Event "Umag op"]
[Site "Umag"]
[Date "2005.03.23"]
[Round "4"]
[White "Mehmedi, Ejup"]
[Black "Doric, Darko"]
[Result "1/2-1/2"]
[WhiteElo "2133"]
[BlackElo "2346"]
[PlyCount "119"]
[EventDate "2005.03.22"]
[EventType "swiss"]
[EventRounds "9"]
[EventCountry "CRO"]
[SourceTitle "CBM 105 Extra"]
[Source "ChessBase"]
[SourceDate "2005.05.01"]
[SourceVersion "1"]
[SourceVersionDate "2005.05.01"]
[SourceQuality "1"]

1. e4 c5 2. Nf3 d6 3. d4 cxd4 4. Nxd4 Nf6 5. Nc3 Nc6 6. f3 e5 7. Nb3 Be7 8. Be3 0-0 9. Qd2 a5 10. Bb5 Na7 11. Bc4 Bd7 12. Qf2 Nc8 13. a4 Qc7 14. Bb5 Be6 15. Rd1 Rd8 16. 0-0 d5 17. exd5 Nxd5 18. Nxd5 Rxd5 19. Rxd5 Bxd5 20. c4 Be6 21. Nc5 Bf5 22. g4 Bg6 23. Nd7 f6 24. Rd1 Nd6 25. Nb6 Rd8 26. Nd5 Nxb5 27. Bb6 Rxd5 28. Rxd5 Qxc4 29. Rxb5 Qxa4 30. Rxa5 Qd1+ 31. Kg2 h6 32. Bc5 Bxc5 33. Rxc5 e4 34. Rc3 exf3+ 35. Qxf3 Qd2+ 36. Qf2 Qd5+ 37. Kg3 h5 38. gxh5 Qg5+ 39. Kf3 Bxh5+ 40. Ke4 Bg6+ 41. Kd4 b6 42. Kc4 Qa5 43. Kb3 Qb5+ 44. Ka2 Qa4+ 45. Ra3 Qe4 46. Qd2 Bf7+ 47. b3 g5 48. Ra6 Qb7 49. Qd8+ Kg7 50. Qxb6 Qf3 51. Ra7 Qg2+ 52. Ka3 Qxh2 53. Qc7 Qxc7 54. Rxc7 g4 55. b4 f5 56. b5 g3 57. b6 g2 58. Rc1 Bd5 59. Kb4 f4 60. Kc5 1/2-1/2